Loading...
Rural industrialization in the third world countries
| Other Authors: | |
|---|---|
| Format: | Printed Book |
| Language: | Undetermined |
| Published: |
New Delhi
Sterling Publishers Private Limited
1985
|
| LEADER | 00551nam a2200133Ia 4500 | ||
|---|---|---|---|
| 008 | 161229s9999 xx 000 0 und d | ||
| 082 | |a 338.6 MIS/RU | ||
| 245 | |a Rural industrialization in the third world countries | ||
| 260 | |b Sterling Publishers Private Limited |a New Delhi |c 1985 | ||
| 300 | |a viii, 332 | ||
| 700 | |a Misra, R P,ed. | ||
| 942 | |c BK | ||
| 999 | |c 152528 |d 152528 | ||
| 952 | |0 0 |1 0 |4 0 |6 338_600000000000000_MISRU |7 0 |9 151591 |a KAUCLV |b KAUCLV |d 2016-12-29 |g 175.00 |o 338.6 MIS/RU |p 903837 |r 2016-12-29 |w 2016-12-29 |y BK |z Book transferred from CCBM Library ,Acc.No:1286 | ||